000 00639nam a2200193 i 4500
001 134926
003 ES-MaACL
005 20230906194754.0
007 t|
008 070703s1958 sp ||||1| spa d
080 _a617"18"
100 1 _aThorwald, Jürgen.
_9110160
245 1 3 _aEl siglo de los cirujanos
_b: según las notas de mi abuelo, el cirujano H.St. Hartmaun /
_cJürgen Thorwald ; [traducción del alemán por E. Donato Prunera].
250 _a[1ª ed.].
260 _aBarcelona :
_bDestino,
_c1968.
300 _a462 p. :
_bil. ;
_c25 cm.
700 1 _aDonato Prunera, E.
_945296
852 _aES-MaACL
_jC-15463
_bR.43680
999 _c134926
_d134926